000 00542nam a2200181Ia 4500
008 151202s9999||||xx |||||||||||||| ||und||
082 _bPNVM-1207
100 _aआपटे ह.ना.
245 _aमायेचा बाजार.
260 _bभूषण प्रेस प्रकाशन.
260 _c0
300 _a0
600 _aआपटे ह.ना.
630 _aमायेचा बाजार.
700 _aआपटे ह.ना.
730 _aमायेचा बाजार.
942 _cBOOK
999 _c1267205
_d1267202